000 00599nam a2200205Ia 4500
005 20260429112023.0
008 260429s9999||||xx |||||||||||||| ||und||
020 _a9781032459127
041 _aEnglish
082 _a305.3
_bREN
100 _aRentetzi, Maria
245 0 _aGender of things :
_bhow epistemic and technological objects become gendered /
_cMaria Rentetzi
250 _a1st ed.
260 _aNew York :
_bRoutledge,
_c2024.
300 _axviii, 233 p.; pbk
650 _a Feminist theory
650 _a Science and technology studies
650 _aGender studies
942 _cTB
999 _c51930
_d51930